000 00675nam a2200241Ia 4500
003 OSt
005 20220918182612.0
006 a|||||r|||| 00| 0
007 ta
008 220917b |||||||| |||| 00| 0 eng d
024 _a33,303
037 _cTextual
040 _aARTS
_cARTS
_beng
041 _2eng
_aeng
082 _aO-944,2NAM,1, L8 (MIL)
100 _aAmanuddin Syed
_960357
245 0 _aKing who sold his wife
_b a drama in three acts
260 _aCalcutta
_bPrayer Books
_c1978
300 _a78p.
_ccm.
650 _aENGLISH LITERATURE
942 _hO-944,2NAM,1, L8 (MIL)
_cTEXL
_2CC
999 _c169591
_d169591